000 00703nam a22002177a 4500
003 UA-OsUOA
001 105978
007 ta
008 20140418b un ||||| |||| 00| 0 ukr d
100 _aГриневич В.
090 _a82
_bГ85
942 _cSA
040 _aUA-OsUOA
_bukr
_cUA-OsUOA
_dUA-OsUOA
245 _aГлухівський період у житті й творчості тараса Шевченка
300 _aС.36-41
955 _a0
041 _aukr
080 _a82
773 0 _w105977
_tУкраїнська література в загальноосвітній школі
_dК.
_d2014
_g3
650 7 _a82 Література. Літературознавство
_2UDC
999 _c392237
_d392237